Návrh opatrení pre aplikáciu princípov časového manažmentu riadiacich zamestnancov v spoločnosti BOGE Elastmetall Slovakia, a.s.

Gespeichert in:
Bibliographische Detailangaben
1. Verfasser: Pavlovič, Matúš (Verfasst von)
Weitere Verfasser: Szabó, Peter (Betreuung Doktorarbeit)
Format: Manuskript Buch
Sprache:Slowakisch
Veröffentlicht: 2023
Schlagworte:
Online-Zugang:http://is.stuba.sk/zp/portal_zp.pl?podrobnosti=163953
Tags: Tag hinzufügen
Keine Tags, Fügen Sie das erste Tag hinzu!

MARC

LEADER 00000ntm a22000003a 4500
001 stuzp93416
003 SK-STU
005 20230909214958.6
007 ta
008 150427s2015----xo-----f-mn---000-0-slo-d
040 |a STU  |b slo 
041 0 |a slo 
100 1 |a Pavlovič, Matúš  |u 064000  |4 aut  |U MTF Materiálovotechnologická fakulta  |T MTF Ústav priemyselného inžinierstva a manažmentu  |X 111771  |U M4000  |Y 84  |7 111771 
242 0 1 |a Proposal of arrangemenets for managers time-management application principles in BOGE Elastmetall Slovakia, a.s.  |y eng 
245 1 0 |a Návrh opatrení pre aplikáciu princípov časového manažmentu riadiacich zamestnancov v spoločnosti BOGE Elastmetall Slovakia, a.s. 
260 |c 2023 
650 4 |a časový manažment  |2 slo 
650 4 |a práca z domu  |2 slo 
650 4 |a GTD  |2 slo 
650 4 |a Eisenhowerova matrica času  |2 slo 
650 4 |a time management  |2 eng 
650 4 |a home office  |2 eng 
650 4 |a GTD  |2 eng 
650 4 |a the Eisenhower matrix  |2 eng 
700 1 |a Szabó, Peter  |u 064000  |k Z1  |4 ths  |U MTF Materiálovotechnologická fakulta  |T MTF Ústav priemyselného inžinierstva a manažmentu  |X 19244  |U M4000  |Y 84  |7 A000019244 
856 4 |u http://is.stuba.sk/zp/portal_zp.pl?podrobnosti=163953 
996 |c M* BP-9654  |l MMSKP  |s P  |a 0  |w stuzp93416_0001